000 00688nam a22002297a 4500
999 _c15593
_d15593
003 MIRAKIL
005 20240308135338.0
008 240308b tu ||||| |||| 00| 0 tur d
020 _a9786257926539
040 _aTR-AnCHP
_cTR-AnCHP
041 _atur
082 _a811.42
_bY35b 2023
090 _a811.42 Y35b 2023
100 _aYeni, Halil
245 1 0 _aBu fırtına geçene kadar /
_cHalil Yeni.
260 _aAnkara :
_bTelgrafhane yayınları,
_c2023.
300 _a60 s. :
_c19 cm.
490 0 _aGenel yayın:
_v144.
650 0 _919
_aTürk edebiyatı
_xŞiir
856 _zDijital Nüshası için Partimizin Kütüphane Sorumlusu ile iletişime geçiniz.
942 _2ddc
_cBKS